| 000 | 00353nam a2200109Ia 4500 | ||
|---|---|---|---|
| 008 | 230907s9999||||xx |||||||||||||| ||und|| | ||
| 082 |
_a662.60286 _bHAN |
||
| 245 | 0 | _aHandbook of alternative fuel technologies / | |
| 300 | _axvii, 684 pages : | ||
| 650 |
_aHandbooks, manuals, etc. Handbooks, manuals, etc. Handbooks, manuals, etc. _9115443 |
||
| 942 | _cBK | ||
| 999 |
_c599186 _d599186 |
||